| 000 | 00889nam a22002897a 4500 | ||
|---|---|---|---|
| 001 | 6494 | ||
| 003 | FISKH | ||
| 005 | 20250506124358.0 | ||
| 008 | 250506b cb ||||| |||| 00| 0 eng d | ||
| 020 | _a9780007158522 | ||
| 040 |
_aFISKH _beng _cFISKH _dFISKH |
||
| 050 | _aPZ8.G276 O | ||
| 082 | _a 813.54 | ||
| 100 |
_aDr.Seuss _d(1904–1991) |
||
| 245 |
_aOh, the place you'll go! / _cBy Dr, Seuss |
||
| 250 | _aThis edition first published in 1990 | ||
| 260 |
_aLondon : _bHarperCollins, _c1990 |
||
| 300 |
_a44 pages : _bcolor illustrations ; _c23 cm |
||
| 505 | _aP | ||
| 520 | _aAdvice in rhyme for proceeding in life; weathering fear, loneliness, and confusion; and being in charge of your actions. | ||
| 521 | 8 |
_a600
_bLexile |
|
| 521 | 8 |
_aP
_bRaz-Plus |
|
| 650 |
_2Children's _aFuture |
||
| 650 |
_2Rhyming _aGraduation |
||
| 942 |
_2ddc _cBK _n0 |
||
| 999 |
_c6494 _d6494 |
||